| 000 | 00477nam a2200133Ia 4500 | ||
|---|---|---|---|
| 008 | 191111s9999 xx 000 0 und d | ||
| 020 | _a9781138904255 | ||
| 100 | _aSchindeler, Emily. | ||
| 245 |
_cEmily Schindeler, Janet Ransley, Danielle Reynald.-- _aPsychological violence in the workplace : _bnew perspectives and shifting frameworks / |
||
| 260 |
_aUSA : _bRoutledge _c2017 |
||
| 300 | _axvii, 123 pages. | ||
| 650 | _aEmployee crimes | ||
| 650 | _aViolence in the workplace | ||
| 999 |
_c362609 _d362609 |
||